MARC

Tag First Indicator Second Indicator Subfields
LEADER 00000cam a2200000Ia 4500
001 in00002381908
005 20190327170655.0
006 m d
007 cr cnu---unuuu
008 070131s2007 paua sb 001 0 eng d
020 |a 9781429439732 (electronic bk.) 
020 |a 1429439734 (electronic bk.) 
029 1 |a YDXCP  |b 2518150 
035 |a (OCoLC)ocm80928428 
035 |a (OCoLC)80928428 
040 |a N$T  |c N$T  |d YDXCP  |d UtOrBLW 
049 |a IICC 
050 1 4 |a RM930  |b .K37 2007eb 
060 1 4 |a WB 320  |b K17f 2007 
082 0 4 |a 362.1  |2 22 
100 1 |a Kaplan, Sandra L. 
245 1 0 |a Outcome measurement and management :  |b first steps for the practicing clinician /  |c Sandra L. Kaplan. 
264 1 |a Philadelphia :  |b F.A. Davis,  |c [2007] 
264 4 |c ©2007 
300 |a xx, 250 pages :  |b illustrations ;  |c 26 cm. 
336 |a text  |b txt  |2 rdacontent 
337 |a computer  |b c  |2 rdamedia 
338 |a online resource  |b cr  |2 rdacarrier 
504 |a Includes bibliographical references and index. 
533 |a Electronic reproduction.  |b Boulder, Colo. :  |c NetLibrary,  |d 2007.  |n Available via World Wide Web.  |n Access may be limited to NetLibrary affiliated libraries. 
500 |a Electronic resource. 
650 0 |a Medical rehabilitation. 
650 0 |a Outcome assessment (Medical care) 
650 1 2 |a Rehabilitation. 
650 1 2 |a Treatment Outcome. 
650 2 2 |a Data Collection  |x methods. 
650 2 2 |a Data Interpretation, Statistical. 
650 2 2 |a Patient Care Planning  |x organization & administration. 
650 2 2 |a Physician's Practice Patterns. 
655 7 |a Electronic books.  |2 local 
710 2 |a NetLibrary, Inc. 
776 1 |c Original  |z 080360310X  |w (DLC) 2006013289  |w (OCoLC)67817113 
856 4 0 |u http://proxy.library.tamu.edu/login?url=http://www.netLibrary.com/urlapi.asp?action=summary&v=1&bookid=180252  |z Connect to the full text of this electronic book  |t 0 
938 |a YBP Library Services  |b YANK  |n 2518150 
994 |a 92  |b IIC 
999 |a MARS 
999 f f |s 888c9009-e249-3ff5-89d8-6007a6033cba  |i 7c2fb51c-3fda-3ef3-966d-0f1afc32fd7a  |t 0 
952 f f |a Texas A&M University  |b College Station  |c Electronic Resources  |d Available Online  |t 0  |e RM930 .K37 2007eb  |h Library of Congress classification 
998 f f |a RM930 .K37 2007eb  |t 0  |l Available Online